Viaje hacia la sombra /
Uloženo v:
| Hlavní autor: | |
|---|---|
| Další autoři: | |
| Médium: | Elektronický zdroj E-kniha |
| Jazyk: | španělština katalánština |
| Vydáno: |
Salamanca (España) : Madrid (España) :
Ediciones Universidad Salamanca ; Patrimonio Nacional,
[2019]
|
| Edice: | Biblioteca de América (Salamanca, Spain) ;
61. |
| Témata: | |
| On-line přístup: | Digitalia Hispánica |
| Tagy: |
Přidat tag
Žádné tagy, Buďte první, kdo vytvoří štítek k tomuto záznamu!
|
MARC
| LEADER | 00000nam a2200000Ii 4500 | ||
|---|---|---|---|
| 001 | DIGUNSAL0209 | ||
| 003 | NyNyDIG | ||
| 008 | 220610s2019 sp ob 001 0 spa d | ||
| 006 | m o d | ||
| 007 | cr ||||||||||| | ||
| 035 | |a (OCoLC)1129796583 | ||
| 040 | |a DGITA |b eng |e rda |e pn |c DGITA | ||
| 041 | 1 | |a spa |h cat | |
| 020 | |a 9788413111797 |q eBook |q pdf | ||
| 020 | |z 9788413111520 | ||
| 050 | 1 | 4 | |a PQ6076 ebook |
| 100 | 1 | |a Margarit, Joan, |e author. | |
| 245 | 1 | 0 | |a Viaje hacia la sombra / |c Joan Margarit ; edición, introducción y selección de Lina Rodríguez Cacho. |
| 264 | 1 | |a Salamanca (España) : |b Ediciones Universidad Salamanca ; |a Madrid (España) : |b Patrimonio Nacional, |c [2019] | |
| 300 | |a 1 online resource. | ||
| 336 | |a text |b txt |2 rdacontent | ||
| 337 | |a computer |b c |2 rdamedia | ||
| 338 | |a online resource |b cr |2 rdacarrier | ||
| 347 | |a text file |2 rdaft | ||
| 347 | |a PDF | ||
| 490 | 1 | |a Biblioteca de América ; |v 61 | |
| 500 | |a XXVIII Premio Reina Sofía de Poesía Iberoamericana. | ||
| 504 | |a Includes bibliographical references and index. | ||
| 546 | |a Text in spanish and catalan. | ||
| 588 | 0 | |a Online resource; title from PDF title page (Digitalia, viewed June 10, 2022) | |
| 655 | 7 | |a Poetry. |2 lcgft | |
| 655 | 0 | |a Electronic books. | |
| 700 | 1 | |a Rodríguez Cacho, Lina, |e editor, |e contributor agent of text. | |
| 791 | 2 | |a Digitalia (Firm), |e distributor. | |
| 793 | 0 | |g Digitalia eBook Collection: |a Ediciones Universidad Salamanca | |
| 776 | 0 | 8 | |i Print version: |a Margarit, Joan. |t Viaje hacia la sombra. |b 1a. edición. |d Salamanca (España) : Ediciones Universidad Salamanca ; Madrid (España) : Patrimonio Nacional, [2019] |z 9788413111520 |
| 830 | 0 | |a Biblioteca de América (Salamanca, Spain) ; |v 61. | |
| 856 | 4 | 0 | |3 Digitalia Hispánica |u https://digitalia.unach.elogim.com/a/65834/ |
| 910 | |a Premium collection: 2022 | ||